[Event "Rheinhausen-ch"]
[Site "Rheinhausen"]
[Date "2011.01.08"]
[Round "1"]
[White "Kempken, Reinhold Johann"]
[Black "Hassenrueck, Helmut"]
[Result "0-1"]
[WhiteElo "1587"]
[BlackElo "2137"]
[PlyCount "54"]
[EventDate "2011.01.07"]
[EventType "swiss"]
[EventRounds "7"]
[EventCountry "GER"]
[SourceTitle "EXT 2015"]
[Source "ChessBase"]
[SourceDate "2014.11.20"]
[SourceVersion "1"]
[SourceVersionDate "2014.11.20"]
[SourceQuality "1"]

1. e4 c5 2. b4 cxb4 3. a3 d5 4. exd5 Qxd5 5. Bb2 e5 6. axb4 Bxb4 7. Nc3 Bxc3 8. Bxc3 Nc6 9. Nf3 Nf6 10. d3 0-0 11. Be2 Qc5 12. Qd2 Rd8 13. Ra4 Be6 14. Ng5 Bd5 15. f3 h6 16. Nh3 Be6 17. Rh4 Nd4 18. Bxd4 Rxd4 19. Rxd4 Qxd4 20. Nf2 Nd5 21. 0-0 Rc8 22. c4 Rxc4 23. Qa5 Rc8 24. Rb1 Nc3 25. Re1 Rc5 26. Qa3 b6 27. Kf1 Ra5 0-1